HOW THE BOND MARKET WORKS (Record no. 273)

MARC details
000 -LEADER
fixed length control field 00348nam a2200133Ia 4500
008 - FIXED-LENGTH DATA ELEMENTS--GENERAL INFORMATION
fixed length control field 240624s9999 xx 000 0 und d
041 ## - LANGUAGE CODE
Language code of text/sound track or separate title eng
082 ## - DEWEY DECIMAL CLASSIFICATION NUMBER
Classification number 332.6323 NEW
100 ## - MAIN ENTRY--PERSONAL NAME
Personal name NEW YORK INSTITUTE OF FINANCE
245 ## - TITLE STATEMENT
Title HOW THE BOND MARKET WORKS
260 ## - PUBLICATION, DISTRIBUTION, ETC.
Date of publication, distribution, etc. 1997
Place of publication, distribution, etc. New Delhi
Name of publisher, distributor, etc. Prentice-Hall
300 ## - PHYSICAL DESCRIPTION
Extent x, : 278 : p. : cm. ; 23
365 ## - TRADE PRICE
Currency code RS
Holdings
Withdrawn status Lost status Damaged status Not for loan Home library Current library Shelving location Date acquired Source of acquisition Cost, normal purchase price Total Checkouts Full call number Barcode Date last seen Date last checked out Copy number Price effective from Koha item type
        IMTN IMTN Rack 12-A 10/15/2004 JBD 150.00 1 332.6323 NEW 273 07/14/2025 07/03/2025 1 06/24/2024 Books
Designed & Maintained by: LRC IMT Nagpur Contact: lrc@imtnag.ac.in© 2024. All Rights Reserved.